El protagonismo: base para la estrategia de trabajo en organizaciones rurales de producción en Costa Rica /
Gorde:
| Egile nagusia: | |
|---|---|
| Formatua: | Texto |
| Etiketak: |
Etiketa erantsi
Etiketarik gabe, Izan zaitez lehena erregistro honi etiketa jartzen!
|
MARC
| LEADER | 00000 a a2200000 04500 | ||
|---|---|---|---|
| 001 | 46954 | ||
| 003 | |||
| 040 | |||
| 100 | |a Ureña, Eliécer | ||
| 245 | |a El protagonismo: |b base para la estrategia de trabajo en organizaciones rurales de producción en Costa Rica / |c Eliécer Ureña | ||
| 773 | |g volumen29, número2, (1996), páginas 57-61 | ||
| 999 | |c 34960 |d 34960 | ||
